000 005740000a22001690004500
003 MACL
005 20160318154554.0
008 160318b xxu||||| |||| 00| 0 eng d
040 _aMACL
_cMACL
041 _aHindi
082 _a954
100 _aसावरकर विनायक दामोदर
_944959
245 _a1857 का भारतीय स्‍वातन्‍त्रय समर
260 _bराजधानी ग्रन्‍थागार
_c1983
_aनई दिल्‍ली
650 _aHistory
_947250
942 _cHIN
_k954
_2ddc
999 _c28304
_d28304